000 00891nam a2200277 i 4500
001 14731
003 ES-MaACL
005 20250808010058.0
007 t|
008 921127s1990 sp ||||0| spa d
020 _a84-404-7923-9
080 _a917.291
100 1 _aCastañón, José Manuel.
_936444
245 1 0 _aCuba, hablo contigo /
_cJosé Manuel Castañón ; prólogo Cintio Vitier.
250 _a2ª ed.
260 _a[Oviedo] :
_bFundación Dolores Medio,
_c1990.
300 _a247 p. ;
_c20 cm.
490 1 _aObras de la Fundación Dolores Medio ;
_v37
651 4 _aCuba-
_xDescripción.
_98092
651 4 _aCuba-
_xSituación social-
_y1945-1989.
_9172963
700 1 _aVitier, Cintio.
_9115513
710 2 _aFundación Dolores Medio.
_94278
830 1 0 _aObras de la Fundación Dolores Medio
_v37
_9186680
852 _aES-MaACL
_jL-22009
999 _c14731
_d14731